01212nam a22001937a 4500003000400000005001700004008004100021040000700062100004500069245031100114260004800425300001900473505038500492650002700877650002100904650001600925651001300941700006400954OSt20181108103055.0180305b xxu||||| |||| 00| 0 spa d cPJ aLópez-Font Márquez, José Francisco10aAspectos procesales de la tutela jurisdiccional contencioso-administativa :cJosé Francisco López-Font Márquez; prólogo de Antonio Jiménez-Blanco Carrillo de Albornoz.bEstudio de la jurisprudencia del Tribunal Supremo surgida del proceso especial regulado en la Ley 62/1978. Años 1979 a 1991.  aGranada : bUniversidad de Granada, c1993. a137 p.c21 cm. aContenido: Ámbito de la competencia jurisdiccional del recurso contencioso - administrativo de protección de derechos fundamentales -- Legitimación -- Actos administrativos impugnables -- Efectos de la sentencia -- Suspensión procedente de la ejecutividad del acto administrativo impugnado -- Suspensión improcedente de la ejecutividad del acto administrativo impugnado. aDERECHO ADMINISTRATIVO 0aDERECHO PROCESAL 0aCONTENCIOSO 0aESPAÑA aJiménez-Blanco Carrillo de Albornoz, Antonioeprologuista